000 00439nab a2200145Ia 4500
003 ES-SlBCS
005 20230721011035.0
008 140529s1939 xxu||||| |||| 00| 0 lat d
041 _alat
100 1 _aWalz, Angelo
_9133357
245 0 0 _aChronotaxis vitae et operum s. Thomae de Aquino
_c Angelo Walz
600 0 0 _aTomás de Aquino,
_cSanto
_d(1225?-1274)
_91535
773 0 _tAngelicum
_gvol. 16, 1939, págs. 463-473
_wRev26
942 _cAR
999 _c595314
_d595314